Loading...
| Current Events/Geography | 1 | 10.00 | 100% | 0% | 0% |
| Fine Arts - Classical Music | 6 | 26.67 | 100% | 100% | 67% |
| Fine Arts - Other Fine Arts | 5 | 18.00 | 100% | 60% | 20% |
| Fine Arts - Visual Fine Arts | 9 | 15.56 | 89% | 56% | 11% |
| Geography/Current Events | 2 | 25.00 | 100% | 100% | 50% |
| History - American History | 7 | 10.00 | 86% | 14% | 0% |
| History - European History | 4 | 17.50 | 100% | 75% | 0% |
| History - Other History | 3 | 20.00 | 100% | 67% | 33% |
| History - World History | 6 | 21.67 | 100% | 83% | 33% |
| Literature - American Literature | 4 | 22.50 | 100% | 100% | 25% |
| Literature - British Literature | 6 | 18.33 | 100% | 50% | 33% |
| Literature - European Literature | 7 | 17.14 | 100% | 71% | 0% |
| Literature - World/Other Literature | 4 | 22.50 | 100% | 75% | 50% |
| Mythology | 7 | 22.86 | 100% | 71% | 57% |
| Other Academic | 1 | 20.00 | 100% | 100% | 0% |
| Philosophy | 7 | 20.00 | 100% | 57% | 43% |
| Religion | 4 | 12.50 | 75% | 50% | 0% |
| Science - Biology | 6 | 16.67 | 100% | 50% | 17% |
| Science - Chemistry | 7 | 22.86 | 100% | 86% | 43% |
| Science - Other Science | 7 | 18.57 | 100% | 71% | 14% |
| Science - Physics | 5 | 14.00 | 80% | 60% | 0% |
| Social Science | 2 | 20.00 | 100% | 50% | 50% |